MARC

LEADER 00000nam a2200000Ia 4500
001 19196
008 160829s2006 xx 000 0 cat d
020 |a 84-95417-61-8 
080 |a H-3-15 
100 1 |a Pi i Sunyer, Carles,  |d 1888-1971  |9 55456 
245 |a L'Estructuració d'un estat autònom / Carles Pi i Sunyer ; edició a cura de Mireia Capdevila i Candell 
260 |a Barcelona :  |b Fundació Carles Pi i Sunyer d'Estudis Autonòmics i Locals,  |c 2006 
300 |a 61 p. :  |b  fot. ;  |c 21 cm 
590 |a En estoig 
650 |a Pi i Sunyer, Carles  |x Punts de vista polítics i socials   |9 36545 
650 0 |a Nacionalisme  |z Catalunya  |9 11008 
651 0 |a Catalunya  |x Política i govern  |y 1931-1939, Segona República  |9 53540 
700 |a Capdevila i Candell, Mireia, ed.  |9 45329 
710 1 |a Fundació Carles Pi i Sunyer d'Estudis Autonòmics i Locals  |9 52753 
901 |a Arxiu 
942 |n 1 
952 |0 0  |1 0  |4 0  |6 H315  |7 1  |9 51543  |a Arxiu  |b Arxiu  |d 2016-12-01  |l 0  |o H-3-15  |p 19196  |r 2016-12-01 00:00:00  |w 2016-12-01  |y ARXIU 
999 |c 55388  |d 55388